00494nam a2200193 a 4500001001300000003000900013005001700022008004100039020000800080082001900088100001700107245004200124260003600166300000900202500003500211505001700246650002000263700001700283nice12345678IN_TiNIC20260116011409.0050524s1968 luca grp 000 0 urd  ac600a891.4393bSHA3 aShaikh, Adam aMirza Ruswa ( Hayat Awr Novel Nigari) aLucknowbNaseem Book Depoc1968 a368p aincludes index and biblioraphy2 aBibliography aUrdu-Literature1 aShaikh, Adam